| 000 | 00761cam a22002771 4500 | ||
|---|---|---|---|
| 001 | 8848389 | ||
| 003 | OSt | ||
| 005 | 20230608092815.0 | ||
| 008 | 740308s1952 enk 000 0 eng | ||
| 010 | _a 53001186 | ||
| 015 | _aGB52-16743 | ||
| 035 | _a(OCoLC)824749 | ||
| 040 |
_aDLC _cOClW _dOCoLC _dNBrockU _dUk _dDLC |
||
| 042 | _apremarc | ||
| 050 | 0 | 0 |
_aDT429 _b.L4 |
| 082 |
_a572.96765 _a572.96762* |
||
| 100 | 1 |
_aLeakey, L. S. B. _q(Louis Seymour Bazett), _d1903-1972. |
|
| 245 | 1 | 0 | _aMau Mau and the Kikuyu. |
| 260 |
_aLondon, _bMethuen _c[1952] |
||
| 300 |
_a114 p. _c19 cm. |
||
| 500 | _aMap on lining papers. | ||
| 610 | 2 | 0 | _aMau Mau. |
| 650 | 0 | _aKikuyu (African people) | |
| 906 |
_a7 _bcbc _coclcrpl _du _encip _f19 _gy-gencatlg |
||
| 942 |
_2ddc _cBK |
||
| 999 |
_c832 _d832 |
||